Jövőnk - érdeklődés hiányában - elmarad
Elmentve itt :
| Szerző: | |
|---|---|
| További közreműködők: | |
| Dokumentumtípus: | Szakdolgozat |
| Megjelent: |
1993
|
| Tárgyszavak: | |
| Online Access: | http://diploma.bibl.u-szeged.hu/78331 |
| LEADER | 00533nta a2200157 i 4500 | ||
|---|---|---|---|
| 001 | dipl78331 | ||
| 005 | 20200623115820.0 | ||
| 008 | 190705s1993 hu om 0|| hun d | ||
| 040 | |a SZTE Diploma Repozitórium |b hun | ||
| 041 | |a hun | ||
| 100 | 1 | |a Győri Endre | |
| 245 | 1 | 0 | |a Jövőnk - érdeklődés hiányában - elmarad |h [elektronikus dokumentum] / |c Endre Győri |
| 260 | |c 1993 | ||
| 650 | 4 | |a Pedagógusképzés | |
| 700 | 1 | |a nincs megadva |e ths | |
| 856 | 4 | 0 | |u http://diploma.bibl.u-szeged.hu/id/eprint/78331/1/1993_gyori_endre.pdf |z Dokumentum-elérés |